| 000 | 00000nam##2200000za#4500 |
| 001 | 9.588793 |
| 003 | CaOODSP |
| 005 | 20210624195322 |
| 007 | cr ||||||||||| |
| 008 | 150406|1989||||xxc|||||o f|0| 0 eng|d |
| 040 | |aCaOODSP|beng |
| 041 | |aeng |
| 041 | |afre |
| 043 | |an-cn--- |
| 086 | 1 |aCS98-105/1989-PDF |
| 245 | 00|aOttawa-Hull |h[electronic resource] |
| 260 | |aOttawa - Ontario : |bStatistics Canada |c1989. |
| 300 | |a90p.|bgraphs, maps |
| 490 | 1 |aMetropolitan atlas series |v98-105 |
| 500 | |aHistorical census publication digitized by Statistics Canada. |
| 590 | |a13-12-Supp|b2013-05-10 |
| 690 | 07|aCensus data|2gcpds |
| 690 | 07|aDemographic maps|2gcpds |
| 710 | 2 |aStatistics Canada. |
| 792 | |tOttawa-Hull |efre|w(CaOODSP)9.588794 |
| 830 | #0|aMetropolitan atlas series ;|v98-105|w(CaOODSP)9.500695 |
| 856 | 40|ahttp://publications.gc.ca|qPDF|s38.2 MB|uhttps://publications.gc.ca/collections/collection_2013/statcan/rh-hc/CS98-105-1989.pdf|y98-105 |